[Event "34th Leon Blitz Open 2021"]
[Site "chess.com INT"]
[Date "2021.07.07"]
[Round "10"]
[White "Dang, Hoang Son"]
[Black "Larino Nieto, David"]
[Result "1-0"]
[WhiteTitle "FM"]
[BlackTitle "GM"]
[WhiteElo "2363"]
[BlackElo "2455"]
[WhiteFideId "12402435"]
[BlackFideId "2256444"]
[EventDate "2021.07.07"]

1. e4 c6 2. d4 g6 3. Nd2 d5 4. Ngf3 Bg7 5. c3 dxe4 6. Nxe4 Nf6 7. Bd3 O-O 8. O-O
a5 9. Re1 Nxe4 10. Rxe4 Bf5 11. Rh4 Bxd3 12. Qxd3 e5 13. Bg5 Qd7 14. Bh6 exd4
15. Bxg7 Kxg7 16. Nxd4 c5 17. Qe3 Kg8 18. Qh6 f6 19. Ne6 Re8 20. Nxc5 Qf7 21.
Rd1 Nc6 22. h3 Rad8 23. Rxd8 Rxd8 24. Ne4 Rd1+ 25. Kh2 Qc7+ 26. g3 Qe7 27. Nxf6+
Qxf6 28. Qxh7+ Kf8 29. Rf4 Qxf4 30. gxf4 Ne7 31. Qh8+ Kf7 32. Qb8 Rd2 33. Qxb7
Rxf2+ 34. Kg3 Rd2 35. a4 Kf6 36. Qb6+ Kf7 37. b4 Nf5+ 38. Kf3 axb4 39. cxb4 Rd3+
40. Ke2 Rxh3 41. a5 Rh2+ 42. Kf1 Ng3+ 43. Kg1 Rb2 44. Qc7+ Ke6 45. Qc6+ Kf5 46.
Qd7+ Ke4 47. Qc6+ Kf5 48. Qc8+ Kxf4 49. Qc7+ Kg4 50. Qd7+ Nf5 51. a6 Rb1+ 52.
Kf2 Rb2+ 53. Ke1 Kf3 54. Qc6+ Kf4 55. Qc1+ 1-0

[Event "34th Leon Blitz Open 2021"]
[Site "chess.com INT"]
[Date "2021.07.07"]
[Round "10"]
[White "Valle Maytin, Luis Enrique"]
[Black "Navarro Segura, Roberto"]
[Result "1-0"]
[WhiteTitle "FM"]
[BlackTitle "IM"]
[WhiteElo "2284"]
[BlackElo "2123"]
[WhiteFideId "3503666"]
[BlackFideId "5100364"]
[EventDate "2021.07.07"]

1. e4 e5 2. Nf3 Nc6 3. Bb5 a6 4. Ba4 Nf6 5. O-O Be7 6. Re1 b5 7. Bb3 d6 8. c3
Na5 9. Bc2 c5 10. d4 Qc7 11. d5 Bg4 12. a4 O-O 13. h3 Bh5 14. Nbd2 b4 15. Nf1
Rab8 16. Ng3 b3 17. Bb1 Bg6 18. Nh4 c4 19. Nhf5 Rfe8 20. Be3 Bxf5 21. Nxf5 Bf8
22. Bg5 Nd7 23. Qg4 g6 24. Bh6 Nf6 25. Qg5 Qd8 26. Bxf8 Rxf8 27. Re3 Nh5 28. Qg4
Qf6 29. Rf3 Kh8 30. Ng3 Nf4 31. Nf1 h5 32. Qd7 Rb7 33. Rxf4 Qxf4 34. Qxd6 Qg5
35. Qxf8+ Kh7 36. Ne3 Qe7 37. Qc8 Qc7 38. Qxc7 Rxc7 39. Bd3 cxd3 40. Rd1 Nc4 41.
Nxc4 Rxc4 42. Rxd3 Kg7 43. d6 Rc8 44. d7 Rd8 45. c4 Kf6 46. c5 Ke7 47. c6 Ra8
48. c7 1-0

[Event "34th Leon Blitz Open 2021"]
[Site "chess.com INT"]
[Date "2021.07.07"]
[Round "10"]
[White "Chen, Justin"]
[Black "Filip, Lucian-Ioan"]
[Result "1-0"]
[WhiteTitle "FM"]
[BlackTitle "IM"]
[WhiteElo "2247"]
[BlackElo "2431"]
[WhiteFideId "2098199"]
[BlackFideId "1208900"]
[EventDate "2021.07.07"]

1. d4 Nf6 2. c4 e6 3. Nf3 b6 4. g3 Bb4+ 5. Bd2 Be7 6. Bg2 c6 7. O-O O-O 8. b3 d5
9. Ne5 Nfd7 10. Nxd7 Nxd7 11. Bc3 Bb7 12. Nd2 c5 13. e4 cxd4 14. Bxd4 e5 15. Bb2
d4 16. Nf3 Bxe4 17. Re1 f5 18. Rxe4 fxe4 19. Nd2 e3 20. fxe3 Bg5 21. exd4 Be3+
22. Kh1 Bxd4 23. Bxd4 exd4 24. Bxa8 Qxa8+ 25. Kg1 Ne5 26. Qe2 Qb8 27. Re1 Nc6
28. Qe6+ Kh8 29. Qxc6 Qd8 30. Qe4 d3 31. Rf1 Re8 32. Qf3 h6 33. Rf2 Qd4 34. Kg2
Qc3 35. Ne4 Qd4 36. Nd2 Qc3 37. Nf1 Qe1 38. Qxd3 Qe7 39. Qf3 Qe6 40. Ne3 Qe5 41.
Nd5 Qd6 42. Re2 Rf8 43. Qe4 Qd7 44. Nf4 Rf6 45. Qe8+ 1-0

[Event "34th Leon Blitz Open 2021"]
[Site "chess.com INT"]
[Date "2021.07.07"]
[Round "10"]
[White "Tejedor Fuente, Enrique"]
[Black "Fernandez, Daniel Howard"]
[Result "0-1"]
[WhiteTitle "IM"]
[BlackTitle "GM"]
[WhiteElo "2434"]
[BlackElo "2487"]
[WhiteFideId "2299100"]
[BlackFideId "5801605"]
[EventDate "2021.07.07"]

1. e4 g6 2. d4 Bg7 3. Nc3 a6 4. h4 b5 5. h5 Bb7 6. hxg6 hxg6 7. Rxh8 Bxh8 8. Be3
d6 9. f3 Nd7 10. a4 b4 11. Nd5 Bxd5 12. exd5 Nb6 13. Bf2 Nf6 14. c4 bxc3 15.
bxc3 Nbxd5 16. Qd2 e6 17. Bd3 Bg7 18. Ne2 a5 19. Rb1 Rb8 20. Qc1 Rxb1 21. Qxb1
Kf8 22. Qb7 Nb6 23. Bb5 Nfd5 24. Qa7 Qa8 25. Qxa8+ Nxa8 26. c4 Nb4 27. c5 c6 28.
Bc4 d5 29. Bb3 e5 30. Kd2 Nc7 31. dxe5 Bxe5 32. f4 Bf6 33. g4 Ne6 34. f5 gxf5
35. gxf5 Ng7 36. Bc2 Nxc2 37. Kxc2 Nxf5 38. Kd3 Ng7 39. Nf4 Ne6 40. Nxe6+ fxe6
41. Be1 Bd8 42. Kd4 Bc7 43. Bh4 e5+ 44. Kd3 Kf7 45. Ke3 Ke6 46. Bg3 Bd8 47. Kd3
e4+ 48. Ke3 Be7 49. Be1 Bxc5+ 50. Kf4 Bd6+ 51. Ke3 Bc7 52. Kd4 Bb6+ 53. Kc3 c5
54. Bg3 c4 55. Bf4 Bc5 56. Bc1 Be7 57. Kd4 Kd6 58. Ba3+ Kd7 59. Bc1 Kc6 60. Bd2
Bc5+ 61. Ke5 Bb4 62. Bc1 Bc3+ 63. Kf4 Be1 64. Ke5 c3 65. Kd4 Bd2 66. Ba3 c2 67.
Bc1 e3 68. Kd3 Bxc1 69. Kc3 e2 70. Kd3 e1=Q 71. Kxc2 Qd2+ 0-1

[Event "34th Leon Blitz Open 2021"]
[Site "chess.com INT"]
[Date "2021.07.07"]
[Round "10"]
[White "Pacheco Lugo, Alejandro Jose"]
[Black "Girya, Olga"]
[Result "0-1"]
[WhiteTitle "CM"]
[BlackTitle "WGM"]
[WhiteElo "2127"]
[BlackElo "2448"]
[WhiteFideId "3903745"]
[BlackFideId "4195752"]
[EventDate "2021.07.07"]

1. e4 c6 2. d4 d5 3. e5 Bf5 4. Nf3 e6 5. Be2 Ne7 6. O-O Bg6 7. Nbd2 c5 8. c4
cxd4 9. Nxd4 Nec6 10. N2f3 dxc4 11. Bxc4 Be7 12. Nb5 O-O 13. Qxd8 Bxd8 14. Nd6
Nd7 15. Bf4 Bc7 16. Rfd1 Nc5 17. Rac1 Rab8 18. Bb5 Bb6 19. Nxb7 Rxb7 20. Bxc6
Rbb8 21. Bb5 Rfd8 22. Rxd8+ Rxd8 23. h3 Nd3 24. Bxd3 Bxd3 25. Rc3 Be4 26. Be3 h6
27. Bxb6 axb6 28. Re3 Bxf3 29. Rxf3 Rd1+ 30. Kh2 Rd5 31. Re3 b5 32. f4 g5 33. g3
Kg7 34. Kg1 gxf4 35. gxf4 Kg6 36. Kf2 Kf5 37. Kf3 Rd4 38. Rb3 Rxf4+ 39. Kg3 b4
40. a4 bxa3 41. bxa3 Ra4 42. Re3 h5 43. h4 Rg4+ 44. Kh3 Kf4 45. Rb3 Kxe5 46.
Rb5+ Kf6 47. Ra5 Rc4 48. Kg3 e5 49. a4 Rc3+ 50. Kf2 Ra3 51. Ra7 Ke6 52. a5 f5
53. Ra8 Kd5 54. a6 Ke4 55. a7 f4 56. Ke2 Ra2+ 57. Kd1 Kf3 58. Kc1 e4 59. Kb1 Ra6
60. Kc2 e3 61. Kd3 e2 62. Kd2 Ra2+ 0-1

[Event "34th Leon Blitz Open 2021"]
[Site "chess.com INT"]
[Date "2021.07.07"]
[Round "10"]
[White "Ibrahimli, Murad"]
[Black "Vazquez, Facundo"]
[Result "1-0"]
[WhiteTitle "IM"]
[BlackTitle "CM"]
[WhiteElo "2436"]
[BlackElo "2199"]
[WhiteFideId "13410229"]
[BlackFideId "3007669"]
[EventDate "2021.07.07"]

1. c4 Nf6 2. Nc3 g6 3. e4 d6 4. d4 Bg7 5. f3 O-O 6. Bg5 c5 7. d5 h6 8. Be3 e6 9.
Qd2 exd5 10. cxd5 h5 11. Bd3 a6 12. a4 Nbd7 13. Nge2 Ne5 14. O-O Nxd3 15. Qxd3
Nd7 16. f4 Re8 17. Kh1 Qe7 18. Bf2 Rb8 19. a5 b5 20. axb6 Rxb6 21. Ra2 Rb4 22.
h3 Nf6 23. e5 dxe5 24. d6 Qb7 25. Bxc5 Rb3 26. fxe5 Rxe5 27. Bd4 Re6 28. Bc5 Nd7
29. Ba3 Ne5 30. Qd5 Qb8 31. Nd4 Rb6 32. Raa1 Bb7 33. Qa5 Rexd6 34. Bxd6 Rxd6 35.
Rad1 Qa8 36. Nf3 Rxd1 37. Nxd1 Nxf3 38. gxf3 Bxf3+ 39. Kg1 Bd4+ 40. Nf2 Bh1 41.
Qg5 Bf3 42. Qg3 Qb7 43. Kh2 Qd5 44. Nd3 Be4 45. Nf4 Qd6 46. Nxh5 Be5 47. Nf4 Kg7
48. Rf2 Bf5 49. h4 Kf8 50. Kg1 Qd1+ 51. Kh2 Qd6 52. Qa3 Bxf4+ 53. Rxf4 Qxa3 54.
bxa3 Ke7 55. Rb4 Bd3 56. Kg3 Kd6 57. Rd4+ 1-0

[Event "34th Leon Blitz Open 2021"]
[Site "chess.com INT"]
[Date "2021.07.07"]
[Round "10"]
[White "Gabrielian, Artur"]
[Black "Lobanov, Sergei"]
[Result "0-1"]
[WhiteTitle "GM"]
[BlackTitle "IM"]
[WhiteElo "2460"]
[BlackElo "2514"]
[WhiteFideId "4131002"]
[BlackFideId "24183750"]
[EventDate "2021.07.07"]

1. e4 e5 2. Nc3 Nc6 3. g3 Bc5 4. Bg2 Nge7 5. Nge2 d6 6. Na4 h5 7. h3 a5 8. Nxc5
dxc5 9. d3 f6 10. f4 Qd6 11. Be3 Be6 12. a3 O-O-O 13. f5 Bf7 14. O-O c4 15. dxc4
Bxc4 16. Qe1 Nd4 17. Bxd4 Bxe2 18. Qxe2 Qxd4+ 19. Kh1 h4 20. g4 Nc6 21. c3 Qd3
22. Rae1 Qxe2 23. Rxe2 Rd3 24. Kg1 a4 25. Kf2 Na5 26. Rfe1 Rhd8 27. Bf1 Nb3 28.
Rc2 Rd2+ 29. Rxd2 Rxd2+ 30. Re2 Rd1 31. Re1 Rxe1 32. Kxe1 Nc5 33. Bg2 Kd7 34.
Kd2 Kd6 35. Ke3 Nb3 36. Bf1 Kc5 37. Be2 Na5 38. Kd3 Nc4 39. Kc2 b5 40. Kc1 Ne3
41. Kd2 Nc4+ 42. Kc2 c6 43. Kc1 Nd6 44. Bd3 Kb6 45. Kd2 c5 46. Ke3 Nf7 47. Bf1
Ka5 48. Kd2 Ng5 49. Ke3 Nf7 50. Be2 b4 51. cxb4+ cxb4 52. Bf1 Nd6 53. Kd3 bxa3
54. bxa3 Nb5 55. Kc4 Nxa3+ 56. Kc5 Nc2 57. Bc4 Ne3 58. Ba2 Nxg4 59. Kd6 Nf2 60.
Bd5 Nxh3 61. Ke7 Ng5 0-1

[Event "34th Leon Blitz Open 2021"]
[Site "chess.com INT"]
[Date "2021.07.07"]
[Round "10"]
[White "Baskin, Robert"]
[Black "Mikhnenko, Alexander"]
[Result "1-0"]
[WhiteTitle "IM"]
[BlackTitle "CM"]
[WhiteElo "2390"]
[BlackElo "2065"]
[WhiteFideId "24662402"]
[BlackFideId "34143014"]
[EventDate "2021.07.07"]

1. d4 Nf6 2. c4 e6 3. g3 a6 4. Bg2 d5 5. Nf3 Bb4+ 6. Bd2 Bxd2+ 7. Qxd2 O-O 8.
O-O b6 9. cxd5 exd5 10. Nc3 Bb7 11. Rac1 Nbd7 12. Ne5 c5 13. Rfd1 cxd4 14. Qxd4
Nxe5 15. Qxe5 Re8 16. Qd4 Rc8 17. e3 Rc4 18. Qd2 Rc5 19. Ne2 Qc7 20. Rxc5 bxc5
21. Nf4 Rd8 22. Qc3 Qb6 23. Qe5 d4 24. Bxb7 Qxb7 25. Qxc5 Qxb2 26. Rxd4 Rb8 27.
Qc7 h6 28. Rd8+ Rxd8 29. Qxd8+ Kh7 30. Qd3+ g6 31. Qb3 Qxb3 32. axb3 Ne4 33. Nd3
Kg7 34. Kf1 Nd2+ 35. Ke2 Nxb3 36. Kd1 Na5 37. Nb4 Nc4 38. Nxa6 Kf6 39. Ke2 h5
40. Nc5 Ne5 41. h3 Kf5 42. f4 Nc6 43. e4+ Kf6 44. Ke3 Ke7 45. Nd3 Kd6 46. Ne1
Na5 47. Nf3 Nc4+ 48. Kd4 Nb6 49. Ne5 Ke6 50. Nd3 Nc8 51. Nc5+ Ke7 52. e5 Nb6 53.
Ne4 Ke6 54. Ng5+ Ke7 55. g4 hxg4 56. hxg4 Nd7 57. Ne4 Nf8 58. f5 gxf5 59. gxf5
Nd7 60. f6+ Ke8 61. Ng5 Nb6 62. Kc5 Na4+ 63. Kd6 Nc3 64. e6 fxe6 65. f7+ Kf8 66.
Kxe6 Kg7 67. Nh7 Ne4 68. f8=Q+ Kxh7 69. Qf5+ Kg8 70. Qxe4 Kf8 71. Qh7 Ke8 72.
Qg8# 1-0

[Event "34th Leon Blitz Open 2021"]
[Site "chess.com INT"]
[Date "2021.07.07"]
[Round "10"]
[White "Golubev, Mikhail"]
[Black "Dobre, Claudiu-Cristian"]
[Result "0-1"]
[WhiteTitle "GM"]
[BlackTitle "IM"]
[WhiteElo "2461"]
[BlackElo "2314"]
[WhiteFideId "14100983"]
[BlackFideId "1211854"]
[EventDate "2021.07.07"]

1. e4 e5 2. Nf3 Nf6 3. Nc3 Nc6 4. g3 Bc5 5. Bg2 d6 6. d3 a6 7. h3 O-O 8. O-O h6
9. Be3 Nd4 10. Bxd4 Bxd4 11. Nxd4 exd4 12. Ne2 c5 13. c3 dxc3 14. bxc3 Re8 15.
c4 Bd7 16. Nc3 Rb8 17. d4 cxd4 18. Qxd4 Bc6 19. Nd5 Bxd5 20. cxd5 Nd7 21. f4 Qb6
22. Qxb6 Nxb6 23. Rfc1 Re7 24. Rab1 Na4 25. e5 Rd8 26. e6 fxe6 27. dxe6 d5 28.
f5 g6 29. g4 gxf5 30. gxf5 Kg7 31. Rd1 Nc3 32. Rbc1 Nxd1 33. Rxd1 Kf6 34. Bxd5
Ke5 35. Re1+ Kxf5 36. Bf3 Kf6 37. Bg4 Rg7 38. Kf2 Re8 39. Re3 h5 40. Rf3+ Kg6
41. Bf5+ Kg5 42. Ke3 Rc7 43. Ke4 Rc5 44. Rg3+ Kf6 45. Rg6+ Ke7 46. Rg7+ Kd6 47.
Rd7+ Kc6 48. h4 Ra5 49. Rf7 Rxa2 50. Ke5 Re2+ 51. Kf6 a5 52. e7 a4 53. Rg7 a3
54. Bd3 Re3 55. Bc4 b5 56. Ba2 b4 57. Rg6 b3 58. Kf7+ Kd7 0-1

[Event "34th Leon Blitz Open 2021"]
[Site "chess.com INT"]
[Date "2021.07.07"]
[Round "10"]
[White "Yilmaz, Mustafa"]
[Black "Onischuk, Vladimir"]
[Result "1/2-1/2"]
[WhiteTitle "GM"]
[BlackTitle "GM"]
[WhiteElo "2630"]
[BlackElo "2622"]
[WhiteFideId "6302718"]
[BlackFideId "14114038"]
[EventDate "2021.07.07"]

1. d4 d6 2. Nf3 g6 3. c4 Bg7 4. Nc3 e5 5. e4 Nc6 6. Bg5 f6 7. Be3 Nh6 8. dxe5
dxe5 9. Qxd8+ Kxd8 10. Rd1+ Bd7 11. Nd5 Nf7 12. c5 Kc8 13. b4 a6 14. Bc4 Nfd8
15. h3 Re8 16. O-O Ne7 17. Nc3 Nec6 18. a3 Be6 19. Nd5 Ne7 20. Rfe1 Nxd5 21.
exd5 Bd7 22. g4 c6 23. d6 Be6 24. Nd2 Kd7 25. f4 Bd5 26. fxe5 fxe5 27. Bg5 Ne6
28. Be7 Nd4 29. Kf2 a5 30. Bxd5 cxd5 31. Nf3 Nxf3 32. Kxf3 axb4 33. axb4 Ra3+
34. Re3 e4+ 35. Ke2 Ra2+ 36. Kf1 Ke6 37. Re2 Rxe2 38. Kxe2 d4 39. b5 d3+ 40. Ke3
Rc8 41. Kxe4 Rxc5 42. Rxd3 Kd7 43. Rd5 Rc4+ 44. Kf3 Rc3+ 45. Kg2 b6 46. h4 Rb3
47. h5 Bh6 48. Kf2 Bf4 49. Ke2 Re3+ 50. Kf2 Rb3 51. hxg6 hxg6 52. Kg2 Rg3+ 53.
Kf1 Rb3 54. Ke2 Re3+ 55. Kd1 Rg3 56. g5 Rc3 57. Ke2 Re3+ 58. Kd1 Rc3 59. Rd4 Be5
60. Rd5 Bf4 1/2-1/2

[Event "34th Leon Blitz Open 2021"]
[Site "chess.com INT"]
[Date "2021.07.07"]
[Round "10"]
[White "Iskusnyh, Sergei"]
[Black "Maly, Alexey"]
[Result "0-1"]
[WhiteTitle "GM"]
[BlackTitle "IM"]
[WhiteElo "2473"]
[BlackElo "2370"]
[WhiteFideId "4120027"]
[BlackFideId "14103184"]
[EventDate "2021.07.07"]

1. d4 d5 2. c4 dxc4 3. e3 Nf6 4. Bxc4 e6 5. Nf3 a6 6. O-O b5 7. Be2 Bb7 8. Nc3
Nbd7 9. e4 Nxe4 10. Nxe4 Bxe4 11. Ng5 Bd5 12. Bh5 g6 13. Bf3 Nf6 14. Bd2 Be7 15.
Rc1 O-O 16. Ba5 Rc8 17. Re1 h6 18. Bxd5 Nxd5 19. Ne4 Kg7 20. Qf3 Qd7 21. Nc5
Bxc5 22. dxc5 c6 23. Rcd1 Qe7 24. Re5 Qxc5 25. Bc3 f6 26. Rxe6 b4 27. Bd4 Qc2
28. Rde1 Rf7 29. h4 Qd2 30. Rd1 Qf4 31. Qxf4 Nxf4 32. Re4 Nd5 33. Rc1 g5 34. Re6
Nf4 35. Re4 Rd7 36. Bc5 Nd3 37. Rc2 a5 38. g3 Kg6 39. Be3 c5 40. Rec4 Rd5 41.
Rd2 Rcd8 42. hxg5 hxg5 43. a3 f5 44. Rdc2 g4 45. Bxc5 Ne5 46. axb4 Nxc4 47. Rxc4
axb4 48. Bxb4 Rd1+ 49. Kg2 Rb1 50. Rc6+ Kf7 51. Bc3 Rdd1 52. f3 Rg1+ 53. Kf2
Rbf1+ 54. Ke3 Rxf3+ 55. Ke2 Rg2+ 56. Ke1 Rgxg3 57. Bd4 f4 58. b4 Rg2 59. b5 Rb3
60. Rc7+ Ke6 61. Kf1 f3 62. Rc1 0-1

[Event "34th Leon Blitz Open 2021"]
[Site "chess.com INT"]
[Date "2021.07.07"]
[Round "10"]
[White "Kamsky, Gata"]
[Black "Guseinov, Gadir"]
[Result "0-1"]
[WhiteTitle "GM"]
[BlackTitle "GM"]
[WhiteElo "2658"]
[BlackElo "2665"]
[WhiteFideId "2000024"]
[BlackFideId "13401378"]
[EventDate "2021.07.07"]

1. d4 Nf6 2. Nf3 g6 3. Bg5 Bg7 4. c3 b6 5. Nbd2 Bb7 6. e3 d6 7. a4 a6 8. Bd3
Nbd7 9. e4 h6 10. Bh4 Nh5 11. O-O g5 12. Bg3 e6 13. Nc4 Nf4 14. Bc2 Ng6 15. e5
Bxf3 16. Qxf3 d5 17. Ne3 h5 18. h3 Ndf8 19. c4 c6 20. Rfd1 Bh6 21. Qxh5 Nf4 22.
Qf3 Bg7 23. b4 N8g6 24. b5 axb5 25. axb5 Rxa1 26. Rxa1 O-O 27. bxc6 dxc4 28. Rd1
b5 29. h4 b4 30. Nxc4 Qd5 31. Qxd5 Nxd5 32. hxg5 Rc8 33. Ra1 Rxc6 34. Bb3 Bf8
35. Kf1 Kg7 36. Ke2 Nge7 37. Kd3 Nf5 38. Bh2 Rc8 39. g4 Nh4 40. Bg3 Nf3 41. Ra7
Nxd4 42. Nd6 Bxd6 43. exd6 Nxb3 44. Be5+ Kg6 45. d7 Rd8 46. Kc4 Nd2+ 47. Kc5 b3
48. Bb2 Ne4+ 49. Kc6 Kxg5 50. Rb7 Nef6 51. f3 Kf4 52. Rxb3 Nxd7 53. Bc1+ Kg3 54.
Bb2 N7b6 55. Be5+ Kg2 56. f4 Rc8+ 57. Kb7 Rc4 58. g5 Nd7 59. Bd6 Nxf4 60. Rb5
Nd5 61. Ra5 Kf3 62. Ra1 Kg4 63. Rg1+ Kf5 64. Rf1+ Kg6 65. Rf2 Nc5+ 66. Bxc5 Rxc5 0-1

[Event "34th Leon Blitz Open 2021"]
[Site "chess.com INT"]
[Date "2021.07.07"]
[Round "10"]
[White "Gabriel, Robert"]
[Black "Guevara Sanchez, Erick Marvin"]
[Result "0-1"]
[WhiteTitle "FM"]
[BlackTitle "FM"]
[WhiteElo "2236"]
[BlackElo "2173"]
[WhiteFideId "4606477"]
[BlackFideId "6700136"]
[EventDate "2021.07.07"]

1. e4 c5 2. Ne2 Nc6 3. Nbc3 e6 4. g3 d5 5. exd5 exd5 6. d4 Nf6 7. Bg2 c4 8. O-O
h6 9. Nf4 Be7 10. Ncxd5 Nxd5 11. Nxd5 O-O 12. Nxe7+ Qxe7 13. Re1 Qf6 14. c3 Bf5
15. Bf4 Bd3 16. d5 Ne7 17. d6 Ng6 18. Qd2 Rad8 19. Bxb7 Nxf4 20. Qxf4 Qxf4 21.
gxf4 Rxd6 22. b3 Rb8 23. Bf3 cxb3 24. axb3 Rxb3 25. Rxa7 Rxc3 26. Ra8+ Kh7 27.
Be4+ Bxe4 28. Rxe4 Rg6+ 29. Kf1 Rc1+ 30. Ke2 Rh1 31. f5 Rgg1 32. Kf3 Rg5 33. Kf4
Rxh2 34. f3 Rhh5 35. f6 Rf5+ 36. Ke3 Rxf6 37. Ree8 Rhf5 38. Rh8+ Kg6 39. Ra4
Rxf3+ 40. Ke2 Rf2+ 41. Ke3 R6f3+ 42. Ke4 Rf4+ 43. Ke3 Rxa4 44. Kxf2 Ra2+ 45. Kg3
Ra3+ 46. Kg2 f5 47. Rb8 Kg5 48. Rb5 Kg4 49. Rb6 Ra2+ 50. Kf1 Kg5 51. Rc6 h5 52.
Rb6 h4 53. Rb4 f4 54. Kg1 Kg4 55. Rb7 g5 56. Rb3 f3 57. Rb5 h3 58. Kh1 Kf4 59.
Rb4+ Kg3 60. Rb1 g4 61. Rg1+ Rg2 62. Ra1 h2 63. Rb1 Rg1+ 64. Rxg1+ hxg1=Q+ 65.
Kxg1 Kf4 66. Kh2 Ke3 67. Kg1 Ke2 68. Kh2 f2 69. Kg3 f1=Q 0-1

[Event "34th Leon Blitz Open 2021"]
[Site "chess.com INT"]
[Date "2021.07.07"]
[Round "10"]
[White "Yen, William"]
[Black "Wiwatanadate, Poompong"]
[Result "1/2-1/2"]
[BlackTitle "FM"]
[WhiteElo "2056"]
[BlackElo "2043"]
[WhiteFideId "30932025"]
[BlackFideId "6201083"]
[EventDate "2021.07.07"]

1. d4 Nf6 2. c4 e6 3. Nf3 d5 4. Nc3 c5 5. cxd5 Nxd5 6. e4 Nxc3 7. bxc3 cxd4 8.
cxd4 Bb4+ 9. Bd2 Bxd2+ 10. Qxd2 O-O 11. Bc4 b6 12. O-O Ba6 13. Rfc1 Qe7 14. Qd3
Bxc4 15. Rxc4 b5 16. Rc5 a6 17. a4 Nd7 18. Rh5 g6 19. Rh3 b4 20. a5 Rfb8 21. Qd2
Nf8 22. Ne5 Qd6 23. Rf3 Rb7 24. Nc4 Qc6 25. Nb6 Rd8 26. e5 Qb5 27. h4 Qxe5 28.
Qxb4 Rxd4 29. Qb1 Rxh4 30. g3 Rh6 31. Rf4 Rc7 32. Qf1 Rh5 33. Rfa4 Qb5 34. Qg2
Rhc5 35. Qe4 Rc1+ 36. Kh2 Qh5+ 37. Qh4 Qxh4+ 38. gxh4 Rxa1 39. Rxa1 Rc5 40. Kg3
Kg7 41. Ra4 Kf6 42. Rf4+ Ke7 43. Ra4 e5 44. Nc4 Nd7 45. Ne3 f5 46. f4 Rc3 47.
Kf2 exf4 48. Nd5+ Kd6 49. Nxc3 Kc5 50. Ne2 Kb5 51. Ra1 Ne5 52. Nxf4 Nc4 53. Ne6
Nxa5 54. Nf8 Nc4 55. Nxh7 a5 56. Nf8 Ne5 57. Ke3 a4 58. Kf4 Nd3+ 59. Kg5 Ne5 60.
Nxg6 Nf3+ 61. Kxf5 Nxh4+ 62. Nxh4 Kb4 63. Ke4 a3 64. Kd3 Kb3 65. Nf3 Kb2 66. Rf1
a2 67. Rf2+ Ka3 68. Rf1 Kb2 69. Ne5 a1=Q 70. Nc4+ Ka2 71. Rf2+ Kb3 72. Nd2+ Kb4
73. Rf4+ Kb5 74. Rf5+ Kc6 75. Rf4 Qa3+ 76. Ke2 Qe7+ 77. Kd3 Qh7+ 78. Kc3 Kd5 79.
Rd4+ Ke5 80. Nc4+ Ke6 81. Rd6+ Ke7 82. Rb6 Qh3+ 83. Kb4 Qf1 84. Rb7+ Ke6 85.
Rb6+ Kd7 86. Rd6+ Kc7 87. Kc5 Qxc4+ 88. Kxc4 Kxd6 1/2-1/2

[Event "34th Leon Blitz Open 2021"]
[Site "chess.com INT"]
[Date "2021.07.07"]
[Round "11"]
[White "Golubev, Mikhail"]
[Black "Pacheco Lugo, Alejandro Jose"]
[Result "1-0"]
[WhiteTitle "GM"]
[BlackTitle "CM"]
[WhiteElo "2461"]
[BlackElo "2127"]
[WhiteFideId "14100983"]
[BlackFideId "3903745"]
[EventDate "2021.07.07"]

1. e4 c5 2. Nf3 d6 3. d4 cxd4 4. Nxd4 Nf6 5. Nc3 a6 6. Bc4 e6 7. Bb3 Nbd7 8. f4
Nc5 9. Qf3 Be7 10. O-O O-O 11. Be3 b5 12. Nc6 Qc7 13. Nxe7+ Qxe7 14. e5 Bb7 15.
exf6 Qxf6 16. Qf2 Rfc8 17. a3 1-0

[Event "34th Leon Blitz Open 2021"]
[Site "chess.com INT"]
[Date "2021.07.07"]
[Round "11"]
[White "Musovic, Armin"]
[Black "Arias, Juan Cruz"]
[Result "1-0"]
[WhiteTitle "FM"]
[BlackTitle "CM"]
[WhiteElo "2282"]
[BlackElo "2277"]
[WhiteFideId "939935"]
[BlackFideId "118540"]
[EventDate "2021.07.07"]

1. a3 d5 2. Nc3 d4 3. Ne4 f5 4. Ng3 e5 5. e4 f4 6. Qh5+ Kd7 7. Nf3 Nc6 8. Bb5
Bd6 9. Nxe5+ Bxe5 10. Qxe5 fxg3 11. Qxg7+ Ne7 12. Qxd4+ Ke8 13. Qxh8+ Kd7 14.
Qd4+ Ke8 15. Qxd8+ Kxd8 16. hxg3 Nd4 17. Bd3 c5 18. b3 b5 19. Bb2 Nec6 20. O-O-O
Be6 21. Rxh7 c4 22. Bxd4 cxd3 23. Bf6+ Kc8 24. Rh8+ Kb7 25. Rxa8 1-0

[Event "34th Leon Blitz Open 2021"]
[Site "chess.com INT"]
[Date "2021.07.07"]
[Round "11"]
[White "Mikhnenko, Alexander"]
[Black "Valle Maytin, Luis Enrique"]
[Result "0-1"]
[WhiteTitle "CM"]
[BlackTitle "FM"]
[WhiteElo "2065"]
[BlackElo "2284"]
[WhiteFideId "34143014"]
[BlackFideId "3503666"]
[EventDate "2021.07.07"]

1. e4 d5 2. exd5 Qxd5 3. Nc3 Qa5 4. d4 c6 5. Nf3 Nf6 6. Bc4 e6 7. O-O Qc7 8. g3
Bd6 9. Re1 O-O 10. Ne5 Nbd7 11. Bf4 a6 12. Bd3 b5 13. Qf3 Bb7 14. Ne4 Nxe4 15.
Bxe4 Rac8 16. Qh5 Nf6 17. Qh4 Nxe4 18. Rxe4 c5 19. Ree1 cxd4 20. Rad1 f6 21. Nd3
e5 22. Bc1 Qxc2 23. Rd2 Qc6 24. Kf1 Qg2+ 25. Ke2 Bf3# 0-1

[Event "34th Leon Blitz Open 2021"]
[Site "chess.com INT"]
[Date "2021.07.07"]
[Round "11"]
[White "Yen, William"]
[Black "Necula, Iulian"]
[Result "1-0"]
[WhiteElo "2056"]
[BlackElo "1890"]
[WhiteFideId "30932025"]
[BlackFideId "1232380"]
[EventDate "2021.07.07"]

1. e4 g6 2. d4 c6 3. Nc3 d5 4. Nf3 Bg4 5. h3 Bxf3 6. Qxf3 e6 7. Bd3 Bg7 8. e5
Ne7 9. g4 Nd7 10. Qg3 Qb6 11. Bd2 Qxd4 12. O-O-O Qxe5 13. f4 Qc7 14. h4 O-O-O
15. h5 f5 16. h6 Bd4 17. Ne2 Bc5 18. Bc3 Rhg8 19. Rhe1 Bd6 20. Kb1 fxg4 21. Qxg4
Nf5 22. Nd4 Nxd4 23. Bxd4 Bxf4 24. Rxe6 Bxh6 25. Bxa7 b6 26. Ba6+ Qb7 27. Rxc6# 1-0

[Event "34th Leon Blitz Open 2021"]
[Site "chess.com INT"]
[Date "2021.07.07"]
[Round "11"]
[White "Sarkar, Justin"]
[Black "Baskin, Robert"]
[Result "0-1"]
[WhiteTitle "IM"]
[BlackTitle "IM"]
[WhiteElo "2338"]
[BlackElo "2390"]
[WhiteFideId "2010011"]
[BlackFideId "24662402"]
[EventDate "2021.07.07"]

1. e4 e5 2. Bc4 Nc6 3. d3 Bc5 4. Qg4 Qf6 5. Qg3 Nge7 6. Nf3 h6 7. O-O d6 8. c3
g5 9. Be3 Bb6 10. h4 Ng6 11. hxg5 hxg5 12. Nxg5 Nf4 0-1

[Event "34th Leon Blitz Open 2021"]
[Site "chess.com INT"]
[Date "2021.07.07"]
[Round "11"]
[White "Maly, Alexey"]
[Black "Matveev, Vladimir3"]
[Result "1-0"]
[WhiteTitle "IM"]
[BlackTitle "FM"]
[WhiteElo "2370"]
[BlackElo "2344"]
[WhiteFideId "14103184"]
[BlackFideId "24130753"]
[EventDate "2021.07.07"]

1. d4 Nf6 2. c4 g6 3. Nc3 Bg7 4. e4 O-O 5. Be2 d6 6. Nf3 e5 7. O-O Nc6 8. d5 Ne7
9. Ne1 Nd7 10. Be3 f5 11. f3 f4 12. Bf2 g5 13. a4 a5 14. Nd3 b6 15. b4 Ng6 16.
bxa5 Rxa5 17. Nb5 Nf6 18. Be1 Ra6 19. a5 g4 20. axb6 Rxb6 21. Ra8 Qe7 22. Nb4 g3
23. Nc6 Rxc6 24. dxc6 Nh5 25. h3 Bxh3 26. Rxf8+ Kxf8 27. gxh3 Qe6 28. Nxc7 Qe7
29. Nb5 Qh4 30. Qxd6+ Kg8 31. Qe6+ 1-0